Central Library OPAC University of Rajshahi

Crop management and integrated farming / (Record no. 13831)

MARC details
000 -LEADER
fixed length control field 00670nam a22002417a 4500
001 - CONTROL NUMBER
control field 13831
003 - CONTROL NUMBER IDENTIFIER
rucl marc code BD-RjUL
005 - DATE AND TIME OF LATEST TRANSACTION
control field 20211208235524.0
008 - FIXED-LENGTH DATA ELEMENTS--GENERAL INFORMATION
fixed length control field 140202s2010 ii a b 000 0 eng d
020 ## - INTERNATIONAL STANDARD BOOK NUMBER
International Standard Book Number 9788177542646
035 ## - SYSTEM CONTROL NUMBER
System control number (BD-RjUL)13883
040 ## - CATALOGING SOURCE
Original cataloging agency BD-RjUL
Language of cataloging eng
Transcribing agency BD-RjUL
041 ## - LANGUAGE CODE
Language code of text/sound track or separate title eng
082 ## - DEWEY DECIMAL CLASSIFICATION NUMBER
Edition number 21
Classification number 631.5
Author mark and year PAC 2010
100 ## - MAIN ENTRY--PERSONAL NAME
Personal name Panda, S. C.
9 (RLIN) 43249
245 ## - TITLE STATEMENT
Title Crop management and integrated farming /
Statement of responsibility, etc. S. C. Panda
260 ## - PUBLICATION, DISTRIBUTION, ETC. (IMPRINT)
Place of publication, distribution, etc. India :
Name of publisher, distributor, etc. Agrobios,
Date of publication, distribution, etc. 2010
300 ## - PHYSICAL DESCRIPTION
Pagination 603 p. :
Illustrations ill. ;
Size 25 cm.
504 ## - BIBLIOGRAPHY, ETC. NOTE
Bibliography, etc Includes bibliographical references.
650 ## - SUBJECT ADDED ENTRY--TOPICAL TERM
Topical term or geographic name as entry element Crop science.
9 (RLIN) 43250
Topical term or geographic name as entry element Farming system
9 (RLIN) 43251
942 ## - ADDED ENTRY ELEMENTS (KOHA)
Source of classification or shelving scheme Dewey Decimal Classification
Koha item type Books
Holdings
Lost status Source of classification or shelving scheme Damaged status Not for loan Collection code Permanent Location Current Location Shelving location Date acquired Source of acquisition Cost, normal purchase price Total Checkouts Full call number Date last seen Copy number Koha item type
  Dewey Decimal Classification   Not For Loan Non-fiction Central Library, University of Rajshahi Central Library, University of Rajshahi Reading Room 07/07/2013 paragon Enterprises Dhaka 2400.00   631.5 PAC 2010 02/02/2014 C-1 Books